Capitals and Countries of the World - HARD - Statistics

General Stats
  • This quiz has been taken 11,297 times
    5,761 since last reset
  • The average score is 136 of 196
Answer Stats
Capital, Country % Correct
Washington D.C., United States
89%
Mexico City, Mexico
87%
Ottawa, Canada
87%
London, United Kingdom
86%
Moscow, Russia
86%
Oslo, Norway
86%
Paris, France
86%
Madrid, Spain
85%
Berlin, Germany
84%
Helsinki, Finland
84%
Lisbon, Portugal
84%
Stockholm, Sweden
84%
Brasilia, Brazil
83%
Dublin, Ireland
83%
Rome, Italy
83%
Amsterdam, Netherlands
82%
Athens, Greece
82%
Beijing, China
82%
Bern, Switzerland
82%
Brussels, Belgium
82%
Cairo, Egypt
82%
Vienna, Austria
82%
Budapest, Hungary
81%
Buenos Aires, Argentina
81%
Canberra, Australia
81%
Copenhagen, Denmark
81%
Lima, Peru
81%
New Delhi, India
81%
Panama City, Panama
81%
Santiago, Chile
81%
Tokyo, Japan
81%
Warsaw, Poland
81%
Bogotá, Colombia
80%
Bucharest, Romania
80%
Havana, Cuba
80%
Luxembourg City, Luxembourg
80%
Seoul, South Korea
80%
Ankara, Türkiye
79%
Guatemala City, Guatemala
79%
Minsk, Belarus
79%
Monaco, Monaco
79%
Pretoria, South Africa
79%
Reykjavík, Iceland
79%
Riga, Latvia
79%
Sofia, Bulgaria
79%
Wellington, New Zealand
79%
Algiers, Algeria
78%
Andorra la Vella, Andorra
78%
City of San Marino, San Marino
78%
Islamabad, Pakistan
78%
Jakarta, Indonesia
78%
Jerusalem, Israel
78%
Kingston, Jamaica
78%
Prague, Czechia
78%
Pyongyang, North Korea
78%
Baghdad, Iraq
77%
Bangkok, Thailand
77%
Caracas, Venezuela
77%
Kabul, Afghanistan
77%
Quito, Ecuador
77%
Sucre, Bolivia
77%
Tehran, Iran
77%
Tunis, Tunisia
77%
Zagreb, Croatia
77%
Hanoi, Vietnam
76%
Montevideo, Uruguay
76%
Riyadh, Saudi Arabia
76%
Tallinn, Estonia
76%
Tirana, Albania
76%
Vilnius, Lithuania
76%
Belgrade, Serbia
75%
Bratislava, Slovakia
75%
Kiev, Ukraine
75%
Nairobi, Kenya
75%
Port-au-Prince, Haiti
75%
San Salvador, El Salvador
75%
Taipei, Taiwan
75%
Beirut, Lebanon
74%
Damascus, Syria
74%
Doha, Qatar
74%
Kuwait City, Kuwait
74%
Nassau, The Bahamas
74%
Rabat, Morocco
74%
Singapore, Singapore
74%
Asunción, Paraguay
73%
Kuala Lumpur, Malaysia
73%
Muscat, Oman
73%
San José, Costa Rica
73%
Abu Dhabi, United Arab Emirates
72%
Amman, Jordan
72%
Baku, Azerbaijan
72%
Djibouti, Djibouti
72%
Georgetown, Guyana
72%
Kathmandu, Nepal
72%
Manila, Philippines
72%
Nicosia, Cyprus
72%
Santo Domingo, Dominican Republic
72%
Tripoli, Libya
72%
Ljubljana, Slovenia
71%
Pristina, Kosovo
71%
Vaduz, Liechtenstein
71%
Vatican City, Vatican City
71%
Belmopan, Belize
70%
Chișinău, Moldova
70%
Dhaka, Bangladesh
70%
Managua, Nicaragua
70%
Paramaribo, Suriname
70%
Sana'a, Yemen
70%
Skopje, North Macedonia
70%
Valletta, Malta
70%
Yerevan, Armenia
70%
Podgorica, Montenegro
69%
Sarajevo, Bosnia and Herzegovina
69%
Tbilisi, Georgia
69%
Tegucigalpa, Honduras
69%
Abuja, Nigeria
68%
Khartoum, Sudan
68%
Mogadishu, Somalia
68%
Phnom Penh, Cambodia
68%
Accra, Ghana
67%
Addis Ababa, Ethiopia
67%
Astana, Kazakhstan
67%
Dakar, Senegal
67%
Dili, Timor-Leste
67%
Malé, Maldives
67%
Bissau, Guinea-Bissau
66%
Antananarivo, Madagascar
65%
Harare, Zimbabwe
65%
Kinshasa, Democratic Republic of the Congo
65%
Luanda, Angola
65%
Tashkent, Uzbekistan
65%
Vientiane, Laos
65%
Ashgabat, Turkmenistan
64%
Bridgetown, Barbados
64%
Juba, South Sudan
64%
Manama, Bahrain
64%
Port Moresby, Papua New Guinea
64%
Port of Spain, Trinidad and Tobago
64%
Windhoek, Namibia
64%
Freetown, Sierra Leone
63%
Suva, Fiji
63%
Ulaanbaatar, Mongolia
63%
Victoria, Seychelles
63%
Dushanbe, Tajikistan
62%
Kampala, Uganda
62%
Monrovia, Liberia
62%
Thimphu, Bhutan
62%
Bishkek, Kyrgyzstan
61%
Kigali, Rwanda
61%
Dodoma, Tanzania
60%
Lusaka, Zambia
60%
N'Djamena, Chad
60%
Roseau, Dominica
60%
Asmara, Eritrea
59%
Castries, Saint Lucia
59%
Niamey, Niger
59%
São Tomé, São Tomé and Príncipe
59%
Apia, Samoa
58%
Bamako, Mali
58%
Conakry, Guinea
58%
Lomé, Togo
58%
Maputo, Mozambique
58%
Praia, Cabo Verde
58%
St. John's, Antigua and Barbuda
58%
Naypyidaw, Myanmar
57%
Port Louis, Mauritius
57%
Libreville, Gabon
56%
Ouagadougou, Burkina Faso
56%
Porto-Novo, Benin
56%
Yaoundé, Cameroon
56%
Gaborone, Botswana
55%
Lilongwe, Malawi
55%
Moroni, Comoros
55%
Bandar Seri Begawan, Brunei
54%
Basseterre, Saint Kitts and Nevis
54%
Funafuti, Tuvalu
54%
Mbabane, Eswatini
54%
Nouakchott, Mauritania
54%
Port Vila, Vanuatu
54%
St. George's, Grenada
54%
Bangui, Central African Republic
53%
Banjul, The Gambia
53%
Gitega, Burundi
53%
Maseru, Lesotho
53%
Nuku'alofa, Tonga
53%
Honiara, Solomon Islands
52%
Sri Jayawardenepura Kotte, Sri Lanka
52%
Yamoussoukro, Cote d'Ivoire
52%
Brazzaville, Republic of the Congo
51%
Majuro, Marshall Islands
51%
South Tarawa, Kiribati
51%
Yaren, Nauru
51%
Kingstown, Saint Vincent and the Grenadines
50%
Ngerulmud, Palau
50%
Malabo, Equatorial Guinea
49%
Palikir, Federated States of Micronesia
40%
No matching quizzes found
Score Distribution
Percent of People with Each Score
Percentile by Number Answered
Your Score History
You have not taken this quiz since the last reset